000 00528nam a22002057a 4500
005 20251108173539.0
008 250721s2005 xx 000 0 eng d
082 1 4 _aJ/F/HER
100 1 _aكجان, ريما
_eمترجم
245 1 0 _aHERCULES /
246 1 1 _aهرقل
264 1 _aحلب :
_bشعاع للنشر و التوزيع,
_c2005.
300 _a91P.
650 1 7 _aFICTION
650 1 7 _aCHILDREN
650 1 7 _aLEARNING
653 _aناشاون صغار(10-14)سنه
942 _2ddc
_cBK
999 _c106510
_d106510